cultivation technique and arthropod in paddy field in kampong thom and battdombang provines បចេ្ចកទេសដាំដុះនិងសមាសភាពា ARTHROPOD លើដាំណាំស្រូវនៅកំពុងធំនិង ខេត្តបាត់ដំបង and (Record no. 17917)
[ view plain ]
| 000 -LEADER | |
|---|---|
| fixed length control field | 00696nam a22001577a 4500 |
| 003 - CONTROL NUMBER IDENTIFIER | |
| control field | OSt |
| 005 - DATE AND TIME OF LATEST TRANSACTION | |
| control field | 20190621152707.0 |
| 008 - FIXED-LENGTH DATA ELEMENTS--GENERAL INFORMATION | |
| fixed length control field | 190621b xxu||||| |||| 00| 0 eng d |
| 040 ## - CATALOGING SOURCE | |
| Transcribing agency | RUA |
| 082 ## - DEWEY DECIMAL CLASSIFICATION NUMBER | |
| Classification number | AGR KEA 2017 B633 Or.1 |
| 100 ## - MAIN ENTRY--PERSONAL NAME | |
| 9 (RLIN) | 13582 |
| Personal name | KEAN SOKPHENG គាន សុខផេង |
| 245 ## - TITLE STATEMENT | |
| Title | cultivation technique and arthropod in paddy field in kampong thom and battdombang provines បចេ្ចកទេសដាំដុះនិងសមាសភាពា ARTHROPOD លើដាំណាំស្រូវនៅកំពុងធំនិង ខេត្តបាត់ដំបង and |
| 260 ## - PUBLICATION, DISTRIBUTION, ETC. (IMPRINT) | |
| Place of publication, distribution, etc. | phnom penh |
| Name of publisher, distributor, etc. | RUA |
| Date of publication, distribution, etc. | 2017 |
| 300 ## - PHYSICAL DESCRIPTION | |
| Extent | xiv;55p |
| Other physical details | ill; |
| Dimensions | 29cm |
| 942 ## - ADDED ENTRY ELEMENTS (KOHA) | |
| Source of classification or shelving scheme | |
| Koha item type | AGR |
| Price effective from | Date last seen | Permanent Location | Not for loan | Date acquired | Source of classification or shelving scheme | Koha item type | Lost status | Withdrawn status | Date last checked out | Total Checkouts | Shelving location | Damaged status | Barcode | Current Location | Full call number |
|---|---|---|---|---|---|---|---|---|---|---|---|---|---|---|---|
| 2019-06-21 | 2019-06-21 | Library Block B | 2019-06-21 | AGR | B633 | A42417 | Library Block B | AGR KEA 2017 B633 Or.1 | |||||||
| 2019-06-21 | 2024-07-03 | Library Block B | 2019-06-21 | AGR | 2024-06-19 | 1 | B633 | A42054 | Library Block B | AGR KEA 2017 B633 Or.2 | |||||
| 2019-06-21 | 2019-06-21 | Library Block B | 2019-06-21 | AGR | B633 | A42342 | Library Block B | AGR KEA 2017 B633 Or.3 | |||||||
| 2019-06-21 | 2019-06-21 | Library Block B | 2019-06-21 | AGR | B633 | A42492 | Library Block B | AGR KEA 2017 B633 Or.4 | |||||||
| 2019-06-21 | 2019-06-21 | Library Block B | 2019-06-21 | AGR | B633 | A42554 | Library Block B | AGR KEA 2017 B633 Or.5 | |||||||
| 2019-06-21 | 2019-06-21 | Library Block B | 2019-06-21 | AGR | B633 | A42209 | Library Block B | AGR KEA 2017 B633 Or.6 |